Statistics for Canadian islands

Click here to take the quiz!

General Stats

  • This quiz has been taken 57 times
  • The average score is 7 of 13

Answer Stats

HintAnswer% Correct
Smallest provincePrince Edward Island
96%
Largest island in canadaBaffin Island
93%
Northernmost islandEllesmere Island
82%
Island that joined Canada in 1949Newfoundland
80%
Largest island in British ColumbiaVancouver Island
80%
Largest island split between Nunavut and NWTVictoria Island
73%
The north part of Nova SociaCape Breton
58%
Island that houses the largest city in QuebecMontreal Island
49%
Largest island in QuebecAnticosti Island
44%
Largest uninhabited islandDevon Island
40%
Island entirely inhabited by horsesSable Island
13%
Largest island in freshwaterManitoulin Island
9%
Largest island of New BrunswickGrand Manan Island
0%

Score Distribution

Percentile by Number Answered

Percent of People with Each Score

Your Score History

You have not taken this quiz